| 000 | 00498nam a2200181Ia 4500 | ||
|---|---|---|---|
| 999 |
_c17622 _d17622 |
||
| 001 | 17195 | ||
| 003 | PK-LaUMT | ||
| 005 | 20221004172731.0 | ||
| 008 | 140405s9999 xx 000 0 und d | ||
| 040 | _cPK-LaUMT | ||
| 082 |
_aW 677.0095491 _bEND-G |
||
| 100 | _aGary Ender | ||
| 245 |
_aGovernment intervention in Pakistan's cotton sector _cGary Ender |
||
| 260 |
_aWashington,USA: _bUnited States Department of Agriculture, _c1990 |
||
| 300 | _a53 p. | ||
| 546 | _aEN | ||
| 942 |
_cWEEDED OUT _2ddc |
||